Statistics for Guess The Lyrics #9

Click here to take the quiz!

General Stats

  • This quiz has been taken 1,014 times
  • The average score is 202 of 418

Answer Stats

Answer% Correct
I
99%
a
98%
you
95%
You
95%
you.
95%
the
93%
The
93%
An
88%
me,
88%
me?"
88%
me?
88%
me
88%
to
85%
do
82%
be
80%
And
78%
and
78%
can
77%
go
75%
It
74%
it
74%
on
74%
your
74%
is
73%
In
72%
in
72%
for
68%
For
68%
my
67%
So
67%
so
67%
that
67%
want
66%
when
66%
this
62%
say
59%
all
57%
have
56%
of
56%
Will
56%
will
56%
"How
54%
she
51%
They
51%
don't
49%
see
49%
then
48%
too
48%
I'm
47%
like
46%
one
43%
were
43%
never
42%
us
42%
it's
41%
was
41%
heart
40%
every
38%
thing
38%
with
37%
just
36%
Just
36%
at
35%
up
35%
had
33%
"Make
33%
make
33%
now
33%
take
33%
I'll
32%
man
32%
always
31%
won't
31%
feel
30%
out
30%
come
29%
leave
29%
down
27%
mind
26%
Hate
25%
hate
25%
things
25%
away
24%
away!"
24%
good
24%
head
23%
loved
23%
night
23%
baby
22%
way
22%
boy
21%
eyes
20%
cry
19%
saw
19%
back
18%
face
18%
face?
18%
hand
18%
didn't
17%
try
17%
Yeah,
17%
made
16%
put
15%
again
14%
again?
14%
wanted
14%
call
13%
lose
13%
hard
12%
sad
12%
stop
12%
alone
11%
myself,
11%
myself
11%
smile
11%
There's
11%
home
10%
little
10%
today
10%
what's
10%
blue
9%
far
8%
tomorrow
8%
touch
8%
held
7%
thank
7%
used
7%
f***ing
6%
late
6%
takes
6%
thoughts
6%
While
6%
bed
5%
bye
5%
fell
5%
fight
5%
finally
5%
mistake
5%
three
5%
Until
5%
apart
4%
behind
4%
brain
4%
leaving
4%
ways
4%
drive
3%
holding
3%
peace
3%
reach
3%
remind
3%
trying
3%
whole
3%
block
2%
cockroach
2%
crawl
2%
cross
2%
months
2%
ounce
2%
Playing
2%
shine
2%
space.
2%
street
2%
suicidal
2%
swallow
2%
whatever
2%
whispered,
2%
accomplishment
1%
babies
1%
bleeding
1%
burning
1%
busy
1%
compliment
1%
doubted
1%
Dropping
1%
helped
1%
Kicking
1%
movies
1%
nervous
1%
porno
1%
pride,
1%
reels
1%
shadows
1%
sick
1%
sober
1%
tape
1%
tore
1%
waging
1%
warped
1%
wars
1%
wave
1%
opinions
0%
yelling,
0%

Score Distribution

Percentile by Number Answered

Percent of People with Each Score

Your Score History

You have not taken this quiz